Statistics for SNL Guest Hosts - Season 19

Click here to take the quiz!

General Stats

  • This quiz has been taken 13 times
  • The average score is 9 of 20

Answer Stats

Premiere DateFamous ForMusical GuestGuest Host% Correct
October 9, 1993Jurassic Park, Independence DayAerosmithJeff Goldblum
82%
May 7, 1994Monsters Inc, Roseanne, O Brother Where Art Thou?The PretendersJohn Goodman
82%
February 12, 1994(30 Rock, It's Complicated, The Boss Baby), (Hard Country, L.A. Confidential, Never Say Never Again)UB40Alec Baldwin and Kim Basinger
73%
September 25, 1993NBA player for the Phoenix SunsNirvanaCharles Barkley
64%
December 11, 1993Forrest Gump, Lincoln, The Flying NunTony! Toni! Tone!Sally Field
64%
April 16, 1994The Breakfast Club, St. Elmo's Fire, The OutsidersPearl JamEmilio Estevez
64%
May 14, 1994Melrose Place, T.J. Hooker, Spin CityJanet JacksonHeather Locklear
55%
March 19, 1994Mad about You, As Good as It Gets, TwisterSnoop Doggy DoggHelen Hunt
45%
October 2, 1993Heathers, 90210, CharmedCyprus HillShannon Doherty
45%
December 4, 1993El Cid, Planet of the Apes, The Greatest Show on EarthPaul WesterbergCharlton Heston
36%
February 5, 1994Star Trek, X-MenSalt-N-PeppaPatrick Stewart
36%
October 23, 1993The Killing Fields, Con Air, Of Mice and MenBilly JoelJohn Malkovich
36%
November 20, 1993Batman Forever, Dead Calm, Bangkok HiltonStone Temple PilotsNicole Kidman
27%
January 8, 1994The Lost Boys, Rush, SleepersBlind MelonJason Patric
27%
February 19, 1994Martin, House Party, BoomerangCrash Test DummiesMartin Lawrence
27%
April 9, 1994Frasier, X-Men: The Last StandDwight YoakamKelsey Grammar
27%
October 30, 1993Robin Hood: Prince of Thieves, Interview with the Vampire, FernGully: The Last RainforestThe Smashing PumpkinsChristian Slater
27%
January 15, 1994Roseanne, The Talk, Big Bang TheoryCounting CrowsSara Gilbert
27%
March 12, 1994An Olympic-gold-medal-winning figure skaterAretha FranklinNancy Kerrigan
18%
November 13, 1993Star Search, The ViewJames Taylor, Don GrolnickRosie O'Donnell
9%

Score Distribution

Percentile by Number Answered

Percent of People with Each Score

Your Score History

You have not taken this quiz